ბათუმის შოთა რუსთაველის სახელმწიფო უნივერსიტეტის ბიბლიოთეკა

Расчет стальных конструкции. (ბიბ.ჩანაწერი № 35697)

000 -LEADER
fixed length control field 00701nam a2200229Ia 4500
001 - CONTROL NUMBER
control field 1570
003 - CONTROL NUMBER IDENTIFIER
control field GE_BSU
008 - FIXED-LENGTH DATA ELEMENTS--GENERAL INFORMATION
fixed length control field 181216s||||||||xx |||||||||||||| ||und||
040 ## - CATALOGING SOURCE
Transcribing agency GE_BSU
080 ## - UNIVERSAL DECIMAL CLASSIFICATION NUMBER
Universal Decimal Classification number 624.014.2
100 ## - MAIN ENTRY--PERSONAL NAME
Personal name Лихтарников,Я.М. Ладыженский,Д.В. Клыков, В.М.
245 ## - TITLE STATEMENT
Title Расчет стальных конструкции.
245 ## - TITLE STATEMENT
Remainder of title Справочное пособие
250 ## - EDITION STATEMENT
Edition statement 2-е изд. доп. и перераб
260 ## - PUBLICATION, DISTRIBUTION, ETC.
Place of publication, distribution, etc. Киев
260 ## - PUBLICATION, DISTRIBUTION, ETC.
Name of publisher, distributor, etc. Будiвельник
260 ## - PUBLICATION, DISTRIBUTION, ETC.
Date of publication, distribution, etc. 1984
300 ## - PHYSICAL DESCRIPTION
Extent 368стр. 20см.
653 ## - INDEX TERM--UNCONTROLLED
Uncontrolled term Расчет стальных конструкции.
942 ## - ADDED ENTRY ELEMENTS (KOHA)
Koha item type წიგნი
ეგზემპლარები
Withdrawn status Lost status Damaged status Not for loan Date acquired Barcode Date last seen Price effective from Koha item type
        2018-12-17 3043 2018-12-17 2018-12-17 წიგნი